| 000 | 00595nam a2200217Ia 4500 | ||
|---|---|---|---|
| 999 |
_c11197 _d11197 |
||
| 003 | 0100 | ||
| 005 | 20170301090225.0 | ||
| 008 | 130303s9999 xx 000 0 und d | ||
| 020 | _a806620188 | ||
| 040 | _cARRUPELIB | ||
| 050 | _aBR526.C461983 | ||
| 100 |
_aChittister, Joan _929165 |
||
| 245 | _aFaith and ferment | ||
| 245 | _ban interdisciplinary study of Christian beliefs and practices | ||
| 260 | _aMinneapolis | ||
| 260 | _bAugusburg Publishing House | ||
| 300 | _a351 p. | ||
| 300 | _b 22 cm. | ||
| 650 |
_aChurch and social problems _xPublic opinion _zUnited States _929166 |
||
| 650 |
_aPublic opinion _zMinnesota _929167 |
||
| 700 |
_aJoan D. Chittester and Martin E. Marty, editor, Robert S. Bilheimer _929168 |
||
| 942 | 0 | 0 |
_01 _2lcc _cMONOGRAPH |